| 000 | 01056nam a2200277Ia 4500 | ||
|---|---|---|---|
| 001 | 7124 | ||
| 003 | GE_BSU | ||
| 008 | 181216s||||||||xx |||||||||||||| ||und|| | ||
| 020 | _a9789941193122. | ||
| 040 | _cGE_BSU | ||
| 080 | _a821.353.1-32 | ||
| 100 | _aიოსელიანი,ოტია. | ||
| 245 | _aმუხლზე დაწერილი ბარათები | ||
| 245 | _bტ.4 პროზა.მოთხრობები. | ||
| 245 | _cსარედ.ჯგუფი:ზურაბ აბაშიძე;მანანა ჯანელიძე;ირმა ხარშილაძე. | ||
| 250 | _a(ჩემი რჩეული, ტ 21: ISSN 2233-3037) | ||
| 260 | _aთბილისი. | ||
| 260 | _bპალიტრა L. | ||
| 260 | _c2011. | ||
| 300 | _a320გვ;20სმ. | ||
| 300 | _bფოტო გარეკანზე. | ||
| 541 | _h8ლ. | ||
| 653 | _aმოთხრობები. | ||
| 653 | _aმუხლზე დაწერილი ბარათები | ||
| 942 | _cBK | ||
| 999 |
_c40513 _d40513 |
||